000
00383nam a2200133Ia 4500
008
151001s9999||||xx |||||||||||||| ||und||
100
_a
प्रतिभा साठम
245
_a
विचित्र निर्णय
250
_a
1
260
_b
"निखील प्रकाशन, कोल्हापूर"
260
_c
2012
300
_a
184
365
_b
18
999
_c
999768
_d
999765